El mal de la lengua / (Registro nro. 352)
[ vista simple ]
| 000 -CABECERA | |
|---|---|
| campo de control de longitud fija | 01308nam a2200217 4500 |
| 001 - NÚMERO DE CONTROL | |
| campo de control | 000000353 |
| 005 - FECHA Y HORA DE LA ÚLTIMA TRANSACCIÓN | |
| campo de control | 20200929145329.0 |
| 008 - DATOS DE LONGITUD FIJA--INFORMACIÓN GENERAL | |
| campo de control de longitud fija | 090122s20uu xxua 001 0 spa d |
| 040 ## - FUENTE DE LA CATALOGACIÓN | |
| Centro catalogador/agencia de origen | DO-SdBNP |
| Lengua de catalogación | spa |
| Centro/agencia transcriptor | BNPHU |
| 082 ## - NÚMERO DE LA CLASIFICACIÓN DECIMAL DEWEY | |
| Número de clasificación | 241.672 |
| Número de documento/Ítem | R457m |
| 100 1# - ENTRADA PRINCIPAL--NOMBRE DE PERSONA | |
| Nombre de persona | Reyes, Porfirio, |
| Títulos y otros términos asociados al nombre | Rev. |
| 9 (RLIN) | 1191 |
| 245 13 - MENCIÓN DE TÍTULO | |
| Título | El mal de la lengua / |
| Mención de responsabilidad, etc. | Porfirio Reyes ; prólogo Adolfo Carrión. |
| 300 ## - DESCRIPCIÓN FÍSICA | |
| Extensión | 79 p. : |
| Otras características físicas | il. ; |
| Dimensiones | 19 cm. |
| 505 2# - NOTA DE CONTENIDO CON FORMATO | |
| Título | Dedicatoria -- |
| -- | Agradecimiento -- |
| -- | Prólogo -- |
| -- | Introducción -- |
| Información miscelánea | Capítulo 1. |
| Título | Origen y propósito de la lengua -- |
| Información miscelánea | Capítulo 2. |
| Título | Desviaciones de la lengua -- |
| Información miscelánea | Capítulo 3. |
| Título | Los chismes -- |
| Información miscelánea | Capítulo 4. |
| Título | Necesidad de chismear -- |
| Información miscelánea | Capítulo 5. |
| Título | La gran industria de la chismografía -- |
| Información miscelánea | Capítulo 6. |
| Título | Los chismes como arma de Satanás -- |
| Información miscelánea | Capítulo 7. |
| Título | Consecuencias y víctimas del mal de la lengua -- |
| Información miscelánea | Capítulo 8. |
| Título | Identificando a quienes tienen la lengua larga -- |
| Información miscelánea | Capítulo 9. |
| Título | Efectividad vacuna anti-lengua -- |
| Información miscelánea | Capítulo 10. |
| Título | Ajustando nuestra ética cristiana -- |
| Información miscelánea | Capítulo 11. |
| Título | Comprometidos con el evangelio -- |
| -- | Apéndice. |
| -- | Clasificación bíblica sobre el tema. |
| 590 ## - NOTA LOCAL (RLIN) | |
| Nota local | Inventariado, 2018/BT |
| 650 #4 - PUNTO DE ACCESO ADICIONAL DE MATERIA--TÉRMINO DE MATERIA | |
| Término de materia o nombre geográfico como elemento de entrada | Ética cristiana |
| 9 (RLIN) | 389 |
| 650 #4 - PUNTO DE ACCESO ADICIONAL DE MATERIA--TÉRMINO DE MATERIA | |
| Término de materia o nombre geográfico como elemento de entrada | Difamación |
| 9 (RLIN) | 1192 |
| 650 #4 - PUNTO DE ACCESO ADICIONAL DE MATERIA--TÉRMINO DE MATERIA | |
| Término de materia o nombre geográfico como elemento de entrada | Mitomanía |
| 9 (RLIN) | 1193 |
| 650 #4 - PUNTO DE ACCESO ADICIONAL DE MATERIA--TÉRMINO DE MATERIA | |
| Término de materia o nombre geográfico como elemento de entrada | Verdad y mentira |
| 9 (RLIN) | 1194 |
| 700 1# - PUNTO DE ACCESO ADICIONAL--NOMBRE DE PERSONA | |
| Nombre de persona | Carrión, Adolfo, |
| Término indicativo de función/relación | pról. |
| 9 (RLIN) | 1195 |
| Estado de retiro | Estado de pérdida | Restricciones de uso | No para préstamo | Código de colección | Localización permanente | Ubicación/localización actual | Ubicación en estantería | Fecha de adquisición | Número de inventario | Total de préstamos | Signatura topográfica completa | Código de barras | Fecha visto por última vez | Precio válido a partir de | Tipo de ítem Koha | Número de copia |
|---|---|---|---|---|---|---|---|---|---|---|---|---|---|---|---|---|
| Préstamo interno | Préstamo en sala | Dominicana de Servicio | Biblioteca Nacional Pedro Henríquez Ureña | Biblioteca Nacional Pedro Henríquez Ureña | Depósito | 15.07.2009 | LF1 | 241.672 R457m | 353-10 | 25.06.2020 | 25.06.2020 | Libros y folletos | ||||
| Préstamo restringido | Préstamo en sala | Dominicana de Servicio | Biblioteca Nacional Pedro Henríquez Ureña | Biblioteca Nacional Pedro Henríquez Ureña | Depósito | 15.07.2009 | LF1 | 241.672 R457m | 353-20 | 25.06.2020 | 25.06.2020 | Libros y folletos | e. 2 |
